00483nam a2200145Ia 4500008004100000082001500041100001400056245003800070260002800108630001800136650004400154942000900198952011300207999001700320211109s9999||||xx |||||||||||||| ||und|| a546bPUR-P aPuri, B R 0aPrinciples of Inorganic Chemistry bVishalaJalandharc1999 xGeneral stack aInorganic ChemistryvChemistryChemistry cBOOK 00104070aSBCLbSBCLc2d2021-11-09g240.00l0o546 PUR-Pp00097195r2021-11-09 00:00:00w2021-11-09yBOOK c54717d54717